[Event "DEN-ch Kort 1-1"]
[Site "Svendborg"]
[Date "2018.03.26"]
[Round "5"]
[White "Hansen, Henrik Damgaard"]
[Black "Jepsen, Ruben"]
[Result "1-0"]
[WhiteElo "1744"]
[BlackElo "1599"]
[PlyCount "61"]
[EventDate "2018.03.24"]
[EventType "swiss"]
[EventRounds "5"]
[EventCountry "DEN"]
[SourceTitle "EXT 2019"]
[Source "ChessBase"]
[SourceDate "2018.10.10"]
[SourceVersion "1"]
[SourceVersionDate "2018.10.10"]
[SourceQuality "1"]

1. d4 Nf6 2. c4 c5 3. d5 b5 4. cxb5 a6 5. bxa6 Bxa6 6. Nc3 g6 7. e4 Bxf1 8. Kxf1 d6 9. g4 Bg7 10. Kg2 0-0 11. h3 e6 12. dxe6 fxe6 13. Nf3 Nc6 14. Qe2 Nd4 15. Nxd4 cxd4 16. Nb1 d5 17. f3 dxe4 18. fxe4 e5 19. Qd3 Ne8 20. Rf1 Rxf1 21. Kxf1 Nd6 22. Nd2 Rc8 23. Nf3 Nb7 24. Qb3+ Kh8 25. Qxb7 Qf8 26. Qb3 Rd8 27. Qd3 Rd7 28. Bd2 Rf7 29. Kg2 h5 30. Rf1 hxg4 31. hxg4 1-0

[Event "DEN-ch Kort 1-1"]
[Site "Svendborg"]
[Date "2018.03.26"]
[Round "4"]
[White "Jensen Lynch, Jonathan"]
[Black "Hansen, Henrik Damgaard"]
[Result "0-1"]
[WhiteElo "1668"]
[BlackElo "1744"]
[PlyCount "94"]
[EventDate "2018.03.24"]
[EventType "swiss"]
[EventRounds "5"]
[EventCountry "DEN"]
[SourceTitle "EXT 2019"]
[Source "ChessBase"]
[SourceDate "2018.10.10"]
[SourceVersion "1"]
[SourceVersionDate "2018.10.10"]
[SourceQuality "1"]

1. d4 Nf6 2. Bf4 d5 3. e3 e6 4. Nf3 c5 5. c3 Nc6 6. Nbd2 Bd6 7. Bg3 0-0 8. Bd3 b6 9. Ne5 Bb7 10. Qf3 c4 11. Bc2 Qc7 12. Nxc6 Bxc6 13. Bh4 Be7 14. Qh3 g6 15. Qf3 Kg7 16. g4 Ne8 17. Bxe7 Qxe7 18. Nxc4 Bb7 19. Nd2 f5 20. gxf5 exf5 21. 0-0-0 Rc8 22. Nb1 Rc7 23. Rdg1 Kh8 24. h4 Nf6 25. Rg5 Bc8 26. Qg2 Ng4 27. Nd2 Rc6 28. Qxd5 Rd6 29. Qg2 h6 30. Bb3 Bb7 31. Nf3 Kg7 32. Rxg4 fxg4 33. Qxg4 Bxf3 34. Qg3 Bxh1 35. h5 Bf3 36. d5 Bxh5 37. f4 g5 38. c4 Kh8 39. e4 gxf4 40. Qc3+ Qg7 41. e5 Rg6 42. Qd4 f3 43. d6 f2 44. d7 f1Q+ 45. Kc2 Rg2+ 46. Kc3 Qe1+ 47. Kd3 Qg6+ 0-1

[Event "DEN-ch Kort 1-1"]
[Site "Svendborg"]
[Date "2018.03.25"]
[Round "2"]
[White "Hansen, Henrik Damgaard"]
[Black "Couture, Jonathan"]
[Result "0-1"]
[WhiteElo "1744"]
[BlackElo "1928"]
[PlyCount "52"]
[EventDate "2018.03.24"]
[EventType "swiss"]
[EventRounds "5"]
[EventCountry "DEN"]
[SourceTitle "EXT 2019"]
[Source "ChessBase"]
[SourceDate "2018.10.10"]
[SourceVersion "1"]
[SourceVersionDate "2018.10.10"]
[SourceQuality "1"]

1. d4 g6 2. c4 Bg7 3. Nc3 d6 4. e4 e5 5. Nf3 Nc6 6. d5 Nd4 7. Nxd4 exd4 8. Nb5 a6 9. Nxd4 Qh4 10. Be3 Qxe4 11. Qd2 Bh6 12. 0-0-0 Bxe3 13. fxe3 Bg4 14. Bd3 Qe5 15. Rdf1 Nf6 16. h3 Bd7 17. Rf4 0-0 18. g4 Rae8 19. Nf3 Qe7 20. Re1 Bc8 21. Qf2 Nd7 22. g5 Ne5 23. Nxe5 dxe5 24. Rf6 e4 25. Be2 Qb4 26. Qf4 Qxe1+ 0-1

[Event "DEN-ch Kort 1-1"]
[Site "Svendborg"]
[Date "2018.03.25"]
[Round "3"]
[White "Jorgensen, Ole Eik"]
[Black "Hansen, Henrik Damgaard"]
[Result "1/2-1/2"]
[WhiteElo "1909"]
[BlackElo "1744"]
[PlyCount "81"]
[EventDate "2018.03.24"]
[EventType "swiss"]
[EventRounds "5"]
[EventCountry "DEN"]
[SourceTitle "EXT 2019"]
[Source "ChessBase"]
[SourceDate "2018.10.10"]
[SourceVersion "1"]
[SourceVersionDate "2018.10.10"]
[SourceQuality "1"]

1. e4 d5 2. exd5 Nf6 3. Nf3 Nxd5 4. d3 Nc6 5. Bd2 Bg4 6. Be2 e6 7. Nc3 Be7 8. 0-0 0-0 9. a3 a6 10. Ne4 Nf6 11. h3 Bh5 12. Ng3 Bg6 13. Nh4 Nd4 14. Nxg6 Nxe2+ 15. Qxe2 hxg6 16. Rfe1 c6 17. b4 Qd7 18. Ne4 Nxe4 19. Qxe4 Rfd8 20. Bc3 Bf6 21. Bxf6 gxf6 22. Rad1 Qd6 23. Re3 f5 24. Qf3 Kg7 25. d4 Rd7 26. Red3 Rad8 27. Qe3 Qc7 28. f4 Rd5 29. Kf2 R5d7 30. g3 Rh8 31. h4 Qd8 32. Qe5+ Qf6 33. Kf3 Rhd8 34. Ke3 Rd5 35. Qxf6+ Kxf6 36. R3d2 R5d7 37. c3 Rd5 38. a4 Ke7 39. a5 R5d7 40. Rh1 f6 41. Rhd1 1/2-1/2

[Event "Helsingor Xtracon op"]
[Site "Helsingor"]
[Date "2016.07.28"]
[Round "7"]
[White "Rogacewicz, Mikolaj"]
[Black "Hansen, Henrik Damgaard"]
[Result "1-0"]
[WhiteElo "1551"]
[BlackElo "1831"]
[PlyCount "127"]
[EventDate "2016.07.23"]
[EventType "swiss"]
[EventRounds "10"]
[EventCountry "DEN"]
[SourceTitle "CBM 173 Extra"]
[Source "ChessBase"]
[SourceDate "2016.08.29"]
[SourceVersion "1"]
[SourceVersionDate "2016.08.29"]
[SourceQuality "1"]

1. d4 g6 2. c4 Bg7 3. Nc3 d6 4. e4 a6 5. Be3 Nd7 6. Qd2 b6 7. Nge2 Bb7 8. f3 e6 9. h4 h5 10. Nc1 c5 11. Nb3 Qc7 12. 0-0-0 0-0-0 13. Kb1 Bh6 14. Bxh6 Nxh6 15. Be2 f6 16. Rhe1 Nf7 17. d5 e5 18. g3 Kb8 19. Bf1 Nf8 20. Bh3 Bc8 21. Bxc8 Rxc8 22. Kc2 Kb7 23. Nc1 Nd7 24. Nd3 Rhe8 25. Rg1 Rg8 26. Rg2 f5 27. g4 f4 28. gxh5 gxh5 29. Rdg1 Qb8 30. Rg7 Rcf8 31. R1g6 Rxg7 32. Rxg7 Qd8 33. Qh2 Qf6 34. Rg1 Rh8 35. Qh3 Nf8 36. b4 Kc7 37. bxc5 bxc5 38. Ne2 Rh6 39. Rg8 Rh8 40. Rxh8 Nxh8 41. Ne1 Nfg6 42. Ng2 Ne7 43. Nc1 Qg6 44. Nb3 Qg3 45. Qxg3 fxg3 46. Nc1 Nhg6 47. Ne2 Nf4 48. Nexf4 exf4 49. Nxf4 Ng6 50. Ng2 Ne5 51. f4 Nxc4 52. Kd3 Nb6 53. Ke3 Nd7 54. Kf3 Nf6 55. Ne3 Kd7 56. e5 dxe5 57. fxe5 Ng4 58. Nc4 g2 59. Kxg2 Nxe5 60. Nxe5+ Kd6 61. Nd3 Kxd5 62. Nf4+ Kd4 63. Nxh5 Kc3 64. Nf4 1-0

[Event "Helsingor Xtracon op"]
[Site "Helsingor"]
[Date "2016.07.27"]
[Round "6"]
[White "Hansen, Henrik Damgaard"]
[Black "Nielsen, Andre"]
[Result "0-1"]
[WhiteElo "1831"]
[BlackElo "2047"]
[PlyCount "84"]
[EventDate "2016.07.23"]
[EventType "swiss"]
[EventRounds "10"]
[EventCountry "DEN"]
[SourceTitle "CBM 173 Extra"]
[Source "ChessBase"]
[SourceDate "2016.08.29"]
[SourceVersion "1"]
[SourceVersionDate "2016.08.29"]
[SourceQuality "1"]

1. e4 e5 2. Nf3 Nc6 3. d4 exd4 4. Nxd4 Nf6 5. Nxc6 bxc6 6. Bd3 d6 7. 0-0 Be7 8. Nc3 0-0 9. Bf4 Be6 10. Qd2 d5 11. exd5 Nxd5 12. Nxd5 cxd5 13. c3 Bf6 14. Rfd1 Qe7 15. Qc2 h6 16. Re1 Rfd8 17. Rad1 c5 18. b3 Rac8 19. c4 d4 20. Qe2 Qb7 21. Qh5 Qd7 22. h3 Re8 23. g4 Kf8 24. Kf1 Qc6 25. Kg1 Bd7 26. g5 g6 27. Qxh6+ Bg7 28. Qh4 Qf3 29. Bf1 Bc6 30. Bd6+ Kg8 31. Kh2 Qh1+ 32. Kg3 Qf3+ 33. Kh2 Rxe1 34. Rxe1 Qh1+ 35. Kg3 Qf3+ 36. Kh2 d3 37. Qf4 d2 38. Qxd2 Bc3 39. Qe3 Bxe1 40. Qxe1 Re8 41. Qd2 Qh1+ 42. Kg3 Qxf1 0-1

[Event "Helsingor Xtracon op"]
[Site "Helsingor"]
[Date "2016.07.26"]
[Round "5"]
[White "Gjare, Vidar"]
[Black "Hansen, Henrik Damgaard"]
[Result "0-1"]
[WhiteElo "1646"]
[BlackElo "1831"]
[PlyCount "126"]
[EventDate "2016.07.23"]
[EventType "swiss"]
[EventRounds "10"]
[EventCountry "DEN"]
[SourceTitle "CBM 173 Extra"]
[Source "ChessBase"]
[SourceDate "2016.08.29"]
[SourceVersion "1"]
[SourceVersionDate "2016.08.29"]
[SourceQuality "1"]

1. e4 d5 2. exd5 Nf6 3. d4 Bg4 4. Bb5+ Nbd7 5. f3 Bf5 6. c4 a6 7. Ba4 b5 8. cxb5 Nxd5 9. Ne2 e6 10. bxa6 Nb4 11. 0-0 Rxa6 12. a3 Nd5 13. b4 Bd6 14. Nbc3 0-0 15. Nxd5 exd5 16. Bf4 Nb6 17. Bb5 Ra7 18. Bxd6 Qxd6 19. Qc1 Bd7 20. Bd3 Rfa8 21. Qc3 Na4 22. Qc2 g6 23. f4 Nb6 24. Qb3 Ba4 25. Qb1 Nc4 26. Bxc4 dxc4 27. Rf3 Bc6 28. Rg3 Qe6 29. Qf1 Be4 30. Qf2 Bd3 31. Re3 Qd7 32. h4 Rxa3 33. Rxa3 Rxa3 34. h5 Ra2 35. Re5 Bxe2 36. Rxe2 Rxe2 37. Qxe2 Qxd4+ 38. Qf2 Qd1+ 39. Qf1 Qxf1+ 40. Kxf1 gxh5 41. Ke2 h4 42. Kd2 Kf8 43. Kc3 Ke7 44. Kxc4 Kd6 45. Kd4 f6 46. Ke4 Ke6 47. Kd4 c6 48. f5+ Kd6 49. Kc4 Kc7 50. Kc5 h6 51. Kc4 Kb6 52. Kd4 Kb5 53. Kc3 h5 54. Kb3 c5 55. bxc5 Kxc5 56. Kc3 Kd5 57. Kd3 Ke5 58. Ke3 Kxf5 59. Kf3 Kg5 60. Kf2 Kf4 61. Kg1 Kg3 62. Kh1 h3 63. gxh3 Kxh3 0-1

[Event "Helsingor Xtracon op"]
[Site "Helsingor"]
[Date "2016.07.24"]
[Round "2"]
[White "Hansen, Henrik Damgaard"]
[Black "Wanvik, Tim"]
[Result "1/2-1/2"]
[WhiteElo "1831"]
[BlackElo "1479"]
[PlyCount "52"]
[EventDate "2016.07.23"]
[EventType "swiss"]
[EventRounds "10"]
[EventCountry "DEN"]
[SourceTitle "CBM 173 Extra"]
[Source "ChessBase"]
[SourceDate "2016.08.29"]
[SourceVersion "1"]
[SourceVersionDate "2016.08.29"]
[SourceQuality "1"]

1. e4 e5 2. Nf3 Nc6 3. d4 exd4 4. Nxd4 Bc5 5. Be3 Qf6 6. c3 Nge7 7. Bc4 0-0 8. 0-0 b6 9. Nxc6 Qxc6 10. Bxc5 Qxc5 11. Nd2 Bb7 12. b4 Qe5 13. Qc2 d5 14. Bd3 Ng6 15. Nf3 Qd6 16. Rad1 dxe4 17. Bxe4 Bxe4 18. Qxe4 Qf6 19. Qc4 Rac8 20. Rd7 Ne5 21. Nxe5 Qxe5 22. Rfd1 h6 23. g3 c5 24. Rxa7 cxb4 25. Qd4 Qb8 26. Rd7 bxc3 1/2-1/2

[Event "DEN-ch G7-B"]
[Site "Skorping"]
[Date "2014.04.20"]
[Round "6"]
[White "Hansen, Henrik Damgaard"]
[Black "Rose, Dennis Lauge"]
[Result "0-1"]
[WhiteElo "1733"]
[BlackElo "1746"]
[PlyCount "76"]
[EventDate "2014.04.15"]
[EventType "swiss"]
[EventRounds "7"]
[EventCountry "DEN"]
[SourceTitle "EXT 2023"]
[Source "ChessBase"]
[SourceDate "2022.10.05"]
[SourceVersion "1"]
[SourceVersionDate "2022.10.05"]
[SourceQuality "1"]

1. e4 c5 2. d4 cxd4 3. c3 dxc3 4. Nxc3 a6 5. Bc4 Nc6 6. a3 e6 7. Nf3 Be7 8. 0-0 b5 9. Ba2 Bb7 10. Qe2 Nf6 11. Rd1 0-0 12. e5 Ng4 13. h3 Nh6 14. Ne4 Nf5 15. g4 Nh4 16. Nxh4 Bxh4 17. Nd6 Rb8 18. Be3 Nxe5 19. Nxb7 Rxb7 20. Bc5 Qf6 21. Bxf8 Kxf8 22. Rac1 Qf4 23. Kg2 d5 24. Rc8+ Ke7 25. Qe3 Qxe3 26. fxe3 Nc4 27. Bxc4 bxc4 28. Rd2 Bg5 29. Kf2 Bf6 30. Rc6 a5 31. Ke2 Bxb2 32. a4 Be5 33. Rc5 Bc3 34. Rc2 Kd6 35. Rc8 Bb4 36. h4 Bc5 37. Kf3 Rb3 38. Re2 Ra3 0-1

[Event "Teplice op 8th"]
[Site "Teplice"]
[Date "2013.06.24"]
[Round "9"]
[White "Vykouk, Jan"]
[Black "Hansen, Henrik Damgaard"]
[Result "1-0"]
[WhiteElo "2039"]
[BlackElo "1801"]
[PlyCount "39"]
[EventDate "2013.06.15"]
[EventType "swiss"]
[EventRounds "9"]
[EventCountry "CZE"]
[SourceTitle "CBM 155 Extra"]
[Source "ChessBase"]
[SourceDate "2013.08.26"]
[SourceVersion "1"]
[SourceVersionDate "2013.08.26"]
[SourceQuality "1"]

1. e4 g6 2. d4 Bg7 3. Nc3 d6 4. f4 a6 5. a4 b6 6. Nf3 e6 7. Bd3 Ne7 8. 0-0 0-0 9. e5 d5 10. Ne2 c5 11. c3 Nbc6 12. g4 Rb8 13. g5 h6 14. gxh6 Bxh6 15. f5 Bxc1 16. Qxc1 Kh7 17. f6 Rh8 18. Ng5+ Kg8 19. fxe7 Nxe7 20. Nxf7 1-0

[Event "Teplice op 8th"]
[Site "Teplice"]
[Date "2013.06.22"]
[Round "8"]
[White "Hansen, Henrik Damgaard"]
[Black "Jirasek, Jiri"]
[Result "1-0"]
[WhiteElo "1801"]
[BlackElo "1982"]
[PlyCount "83"]
[EventDate "2013.06.15"]
[EventType "swiss"]
[EventRounds "9"]
[EventCountry "CZE"]
[SourceTitle "CBM 155 Extra"]
[Source "ChessBase"]
[SourceDate "2013.08.26"]
[SourceVersion "1"]
[SourceVersionDate "2013.08.26"]
[SourceQuality "1"]

1. e4 e5 2. Nf3 Nc6 3. d4 exd4 4. Nxd4 Bc5 5. Be3 Qf6 6. c3 Nge7 7. Be2 0-0 8. Nxc6 Qxc6 9. Bxc5 Qxc5 10. 0-0 d6 11. Nd2 f5 12. exf5 Bxf5 13. Nf3 Be4 14. Nd4 Rf6 15. Bf3 Bxf3 16. Nxf3 Raf8 17. Qb3+ d5 18. Rae1 Rb6 19. Qc2 Ng6 20. Nd4 Nf4 21. g3 Nh3+ 22. Kg2 Ng5 23. h4 Ne4 24. f3 Nf6 25. Ne6 Qd6 26. Nxf8 Qxf8 27. Re2 Rd6 28. Qd3 d4 29. cxd4 Qd8 30. Rd1 b5 31. Qxb5 Rb6 32. Qc4+ Kf8 33. b3 Qd6 34. Qc5 Nd5 35. Qxd6+ Rxd6 36. Rd3 Nb4 37. Rc3 c6 38. Rc4 Nd5 39. Kf2 a5 40. Rc5 Nb4 41. Rxa5 Rxd4 42. Rf5+ 1-0

[Event "Teplice op 8th"]
[Site "Teplice"]
[Date "2013.06.20"]
[Round "6"]
[White "Hansen, Henrik Damgaard"]
[Black "Bazantova, Marie"]
[Result "0-1"]
[WhiteElo "1801"]
[BlackElo "1968"]
[PlyCount "94"]
[EventDate "2013.06.15"]
[EventType "swiss"]
[EventRounds "9"]
[EventCountry "CZE"]
[SourceTitle "CBM 155 Extra"]
[Source "ChessBase"]
[SourceDate "2013.08.26"]
[SourceVersion "1"]
[SourceVersionDate "2013.08.26"]
[SourceQuality "1"]

1. e4 c5 2. c3 d5 3. exd5 Qxd5 4. d4 Nf6 5. Nf3 Nc6 6. Be2 cxd4 7. cxd4 e6 8. 0-0 Be7 9. Nc3 Qd8 10. a3 0-0 11. Re1 a6 12. Be3 b5 13. Rc1 Bb7 14. b4 Nd5 15. Nxd5 Qxd5 16. Qd3 Rad8 17. Red1 f5 18. Bf4 g5 19. Bc7 Rd7 20. Bb6 g4 21. Ne1 Rf7 22. Bf1 f4 23. f3 gxf3 24. Qxf3 Bf6 25. Qxd5 Rxd5 26. Nf3 Rfd7 27. Re1 Re7 28. Re4 Rf5 29. Bc5 Re8 30. Rce1 Kf7 31. Bd3 Nd8 32. Rxe6 Rxe6 33. Bxf5 Rxe1+ 34. Nxe1 h6 35. Kf1 Ne6 36. Nf3 Bxf3 37. Bxe6+ Kxe6 38. gxf3 Kd5 39. Ke2 Bxd4 40. Bf8 h5 41. Kd3 Bb2 42. Bh6 Bxa3 43. Bxf4 Bxb4 44. h3 a5 45. Bc1 Bd6 46. Be3 b4 47. Bc1 a4 0-1

[Event "Teplice op 8th"]
[Site "Teplice"]
[Date "2013.06.18"]
[Round "4"]
[White "Hansen, Henrik Damgaard"]
[Black "Partys, Petr"]
[Result "0-1"]
[WhiteElo "1801"]
[BlackElo "1976"]
[PlyCount "90"]
[EventDate "2013.06.15"]
[EventType "swiss"]
[EventRounds "9"]
[EventCountry "CZE"]
[SourceTitle "CBM 155 Extra"]
[Source "ChessBase"]
[SourceDate "2013.08.26"]
[SourceVersion "1"]
[SourceVersionDate "2013.08.26"]
[SourceQuality "1"]

1. e4 c5 2. d4 cxd4 3. c3 dxc3 4. Nxc3 e6 5. Nf3 a6 6. Bc4 Nc6 7. 0-0 Nge7 8. Qe2 b5 9. Bb3 Bb7 10. Rd1 Ng6 11. Be3 Be7 12. Rac1 0-0 13. a3 d6 14. h3 Rc8 15. Nh2 Na5 16. Ba2 Nc4 17. Bxc4 Rxc4 18. f3 Qb8 19. Nf1 Rcc8 20. g3 Ne5 21. h4 Nc4 22. Bf2 Bf6 23. Ne3 Nxe3 24. Qxe3 Rc6 25. Qd2 Rfc8 26. Ne2 Rxc1 27. Rxc1 Rxc1+ 28. Qxc1 d5 29. exd5 Bxd5 30. f4 h6 31. Qd2 Ba8 32. Kf1 Qb7 33. Ke1 Qh1+ 34. Ng1 Bd5 35. Qc2 Qe4+ 36. Kd2 Qg2 37. Ke3 g6 38. b3 a5 39. Qc8+ Kg7 40. Qc2 b4 41. axb4 axb4 42. Qd3 Bc3 43. Qb1 Bb7 44. Ke2 Ba6+ 45. Ke3 Bd2+ 0-1

[Event "Teplice op 8th"]
[Site "Teplice"]
[Date "2013.06.16"]
[Round "2"]
[White "Hansen, Henrik Damgaard"]
[Black "Gratze, Michael"]
[Result "1-0"]
[WhiteElo "1801"]
[BlackElo "2006"]
[PlyCount "49"]
[EventDate "2013.06.15"]
[EventType "swiss"]
[EventRounds "9"]
[EventCountry "CZE"]
[SourceTitle "CBM 155 Extra"]
[Source "ChessBase"]
[SourceDate "2013.08.26"]
[SourceVersion "1"]
[SourceVersionDate "2013.08.26"]
[SourceQuality "1"]

1. e4 c5 2. c3 d6 3. d4 Nf6 4. dxc5 Nc6 5. f3 e6 6. cxd6 Bxd6 7. Be3 Qc7 8. g3 h5 9. Qd2 a6 10. Bd3 Bd7 11. Qf2 Ne5 12. Be2 Bc6 13. Nd2 b5 14. Nh3 h4 15. g4 Bb7 16. 0-0 Nfxg4 17. fxg4 0-0-0 18. a4 Rdf8 19. Nf4 g5 20. Nd3 f5 21. Bb6 Qc6 22. Nxe5 Bxe5 23. Qc5 fxe4 24. Rxf8+ Rxf8 25. Qxf8+ 1-0

[Event "Copenhagen Bronshoj op"]
[Site "Copenhagen"]
[Date "2013.02.10"]
[Round "4"]
[White "Jorgensen, Mikkel"]
[Black "Hansen, Henrik Damgaard"]
[Result "1/2-1/2"]
[WhiteElo "1849"]
[BlackElo "1808"]
[PlyCount "66"]
[EventDate "2013.02.08"]
[EventType "swiss"]
[EventRounds "7"]
[EventCountry "DEN"]
[SourceTitle "CBM 152 Extra"]
[Source "ChessBase"]
[SourceDate "2013.02.25"]
[SourceVersion "1"]
[SourceVersionDate "2013.02.25"]
[SourceQuality "1"]

1. d4 Nf6 2. f3 d6 3. e4 g6 4. c4 Bg7 5. Be3 0-0 6. Nc3 b6 7. Bd3 e5 8. d5 Na6 9. Nge2 Nc5 10. g4 Nxd3+ 11. Qxd3 a6 12. h4 Bd7 13. h5 Rb8 14. hxg6 fxg6 15. 0-0-0 Rf7 16. Rh2 b5 17. c5 dxc5 18. Bxc5 b4 19. Nb1 Bb5 20. Qd2 a5 21. Rdh1 Bf8 22. Bxf8 Qxf8 23. Qe3 c6 24. Nd2 cxd5 25. exd5 Nxd5 26. Qg5 Qc5+ 27. Kb1 Bd3+ 28. Ka1 Ne3 29. Nc1 Nc2+ 30. Kb1 Na3+ 31. Ka1 Nc2+ 32. Kb1 Na3+ 33. Ka1 Nc2+ 1/2-1/2

[Event "Borup op 6th"]
[Site "Borup"]
[Date "2012.09.22"]
[Round "8"]
[White "Stuhr, Finn"]
[Black "Hansen, Henrik Damgaard"]
[Result "0-1"]
[WhiteElo "1657"]
[BlackElo "1823"]
[PlyCount "76"]
[EventDate "2012.09.14"]
[EventType "swiss"]
[EventRounds "9"]
[EventCountry "DEN"]
[SourceTitle "CBM 150 Extra"]
[Source "ChessBase"]
[SourceDate "2012.10.19"]
[SourceVersion "1"]
[SourceVersionDate "2012.10.19"]
[SourceQuality "1"]

1. e4 g6 2. d4 Bg7 3. b3 d6 4. Bb2 a6 5. Nf3 Nd7 6. Be2 b5 7. a4 b4 8. a5 Bb7 9. Bd3 e6 10. Qd2 c5 11. 0-0 Ne7 12. c3 bxc3 13. Bxc3 0-0 14. Na3 cxd4 15. Bxd4 Bxd4 16. Nxd4 Nc5 17. Rfe1 e5 18. b4 Nxd3 19. Qxd3 exd4 20. Qxd4 Nc6 21. Qd2 Re8 22. Nc4 Re6 23. f3 Qf6 24. Ne3 Ne5 25. Rf1 Nc6 26. Nd5 Qd4+ 27. Qxd4 Nxd4 28. Nc7 Rc8 29. Nxe6 fxe6 30. Rfd1 Rc4 31. Rab1 Bc6 32. h4 Bb5 33. Rb2 Kf7 34. Kf2 Ke7 35. Kg3 e5 36. Kg4 h6 37. Rbb1 Ne2 38. Rd2 Bd7# 0-1

[Event "Borup op 6th"]
[Site "Borup"]
[Date "2012.09.16"]
[Round "4"]
[White "Teplyi, Igor"]
[Black "Hansen, Henrik Damgaard"]
[Result "1-0"]
[WhiteElo "2377"]
[BlackElo "1823"]
[PlyCount "79"]
[EventDate "2012.09.14"]
[EventType "swiss"]
[EventRounds "9"]
[EventCountry "DEN"]
[SourceTitle "CBM 150 Extra"]
[Source "ChessBase"]
[SourceDate "2012.10.19"]
[SourceVersion "1"]
[SourceVersionDate "2012.10.19"]
[SourceQuality "1"]

1. c4 Nf6 2. Nf3 c5 3. g3 Nc6 4. Bg2 g6 5. b3 Bg7 6. Bb2 0-0 7. 0-0 d6 8. e3 Qc7 9. Qe2 Bf5 10. d3 Rfe8 11. Nc3 a6 12. Rfd1 Rad8 13. h3 Bc8 14. Rac1 e6 15. d4 cxd4 16. Nxd4 Nxd4 17. Rxd4 Nd7 18. Rdd1 Nf6 19. Ba3 Rd7 20. Rd3 Red8 21. Bb2 b6 22. a4 Bb7 23. e4 Qb8 24. Rcd1 Qa8 25. Ba3 Ne8 26. Qe3 b5 27. cxb5 Bxc3 28. bxa6 Qxa6 29. Rxc3 Qa8 30. Rcd3 Bc6 31. f3 d5 32. exd5 Bxd5 33. Qh6 Ng7 34. Bb2 Ne8 35. Kh2 Bxb3 36. Rxd7 Bxd1 37. Rxf7 Kxf7 38. Qxh7+ Ng7 39. Qxg7+ Ke8 40. Bf6 1-0

[Event "Borup op 6th"]
[Site "Borup"]
[Date "2012.09.14"]
[Round "1"]
[White "Hansen, Henrik Damgaard"]
[Black "Hein, Jacob"]
[Result "1-0"]
[WhiteElo "1823"]
[BlackElo "1490"]
[PlyCount "93"]
[EventDate "2012.09.14"]
[EventType "swiss"]
[EventRounds "9"]
[EventCountry "DEN"]
[SourceTitle "CBM 150 Extra"]
[Source "ChessBase"]
[SourceDate "2012.10.19"]
[SourceVersion "1"]
[SourceVersionDate "2012.10.19"]
[SourceQuality "1"]

1. e4 d6 2. d4 Nf6 3. Bd3 Nc6 4. Ne2 g6 5. 0-0 Bg7 6. c4 e5 7. d5 Ne7 8. Nbc3 Bd7 9. h3 c6 10. f4 Qc8 11. fxe5 dxe5 12. d6 Neg8 13. c5 Bxh3 14. Bc4 Qg4 15. Rf2 Nh6 16. Qd3 Nh5 17. Qxh3 Qxh3 18. gxh3 Rf8 19. Bd2 0-0-0 20. Raf1 Rd7 21. b4 a6 22. Bxh6 Bxh6 23. Rxf7 Rdxf7 24. Rxf7 Rxf7 25. Bxf7 Kd7 26. Na4 b5 27. Nb6+ Kd8 28. Kf2 Bd2 29. a3 a5 30. bxa5 Bxa5 31. Be6 Ng7 32. Bg8 h6 33. Bf7 b4 34. axb4 Bxb4 35. Na4 g5 36. Ng3 Kd7 37. Nf5 Nxf5 38. exf5 Bxc5+ 39. Nxc5+ Kxd6 40. Ne4+ Ke7 41. Bg6 Kf8 42. Kf3 Kg7 43. Kg4 Kf8 44. f6 c5 45. Nxc5 Kg8 46. Kf5 e4 47. Ne6 1-0

[Event "Gibraltar Challengers-A 10th"]
[Site "Caleta"]
[Date "2012.01.23"]
[Round "1"]
[White "Mueller, Hans Dieter"]
[Black "Hansen, Henrik Damgaard"]
[Result "1-0"]
[WhiteElo "2108"]
[BlackElo "1859"]
[PlyCount "53"]
[EventDate "2012.01.23"]
[EventType "swiss"]
[EventRounds "5"]
[EventCountry "GGB"]
[SourceTitle "CBM 146 Extra"]
[Source "ChessBase"]
[SourceDate "2012.02.29"]
[SourceVersion "1"]
[SourceVersionDate "2012.02.29"]
[SourceQuality "1"]

1. f4 Nf6 2. Nf3 g6 3. d3 d5 4. g3 Bg7 5. Bg2 0-0 6. 0-0 c5 7. Qe1 Nc6 8. e4 dxe4 9. dxe4 e6 10. c3 b6 11. Qe2 Qc7 12. e5 Nd5 13. Na3 a6 14. Nc4 Rd8 15. Rd1 Bf8 16. Ng5 b5 17. Ne3 Nde7 18. Rxd8 Qxd8 19. Ne4 Qb6 20. Ng4 c4+ 21. Be3 Qc7 22. Ngf6+ Kh8 23. Ng5 Bb7 24. Nxf7+ Kg7 25. Nd6 Kh8 26. Nf7+ Kg7 27. Ng5 1-0

[Event "Politiken Cup 27th"]
[Site "Copenhagen"]
[Date "2005.07.20"]
[Round "6"]
[White "Lauritsen, Martin Lee"]
[Black "Hansen, Henrik Damgaard"]
[Result "1/2-1/2"]
[WhiteElo "2085"]
[BlackElo "1901"]
[PlyCount "53"]
[EventDate "2005.07.16"]
[EventType "swiss"]
[EventRounds "10"]
[EventCountry "DEN"]
[SourceTitle "CBM 107 Extra"]
[Source "ChessBase"]
[SourceDate "2005.09.01"]
[SourceVersion "1"]
[SourceVersionDate "2005.09.01"]
[SourceQuality "1"]

1. e4 d5 2. exd5 Nf6 3. c4 e6 4. dxe6 Bxe6 5. d4 Bb4+ 6. Nc3 Ne4 7. Qd3 Bf5 8. a3 Bxc3+ 9. bxc3 Qe7 10. Ne2 Nc6 11. Qf3 Bg6 12. h4 h6 13. Be3 0-0-0 14. Qf4 Rhe8 15. g3 Nd6 16. Bh3+ Kb8 17. d5 Ne5 18. 0-0 Ndxc4 19. Bg2 Nxe3 20. Qxe3 Qd6 21. Rfe1 Nd3 22. Qd4 Nxe1 23. Rxe1 Qa6 24. c4 Qa5 25. Kf1 f6 26. Rd1 Re7 27. Bf3 1/2-1/2

[Event "Politiken Cup 27th"]
[Site "Copenhagen"]
[Date "2005.07.17"]
[Round "3"]
[White "Hansen, Henrik Damgaard"]
[Black "Laursen, Niels Norskov"]
[Result "1/2-1/2"]
[WhiteElo "1901"]
[BlackElo "2134"]
[PlyCount "88"]
[EventDate "2005.07.16"]
[EventType "swiss"]
[EventRounds "10"]
[EventCountry "DEN"]
[SourceTitle "CBM 107 Extra"]
[Source "ChessBase"]
[SourceDate "2005.09.01"]
[SourceVersion "1"]
[SourceVersionDate "2005.09.01"]
[SourceQuality "1"]

1. e4 c5 2. c3 Nf6 3. e5 Nd5 4. Nf3 e6 5. d4 cxd4 6. cxd4 b6 7. Nc3 Nxc3 8. bxc3 Qc7 9. Qb3 Bb7 10. Be2 Be7 11. 0-0 0-0 12. Ba3 d6 13. exd6 Bxd6 14. Bxd6 Qxd6 15. Rac1 Nc6 16. Rfe1 Rac8 17. Qb2 Rfd8 18. Bd3 Qf4 19. Qd2 Qxd2 20. Nxd2 Na5 21. f3 Bd5 22. a3 Rc7 23. Kf2 Kf8 24. f4 Nc4 25. Nxc4 Bxc4 26. Bxc4 Rxc4 27. Red1 b5 28. Rd3 Ke7 29. Ke3 Rd6 30. Rd2 Ra6 31. Ra2 Kf6 32. g3 h5 33. h3 b4 34. Kd3 Rxc3+ 35. Rxc3 bxc3 36. Kxc3 Ra4 37. Kd3 Kf5 38. Ra1 Kf6 39. Ke3 Ke7 40. g4 h4 41. Ke4 Ra5 42. a4 Kd6 43. Ra2 g6 44. g5 Ke7 1/2-1/2